| 000 | 00453nam a2200157Ia 4500 | ||
|---|---|---|---|
| 999 |
_c21690 _d21690 |
||
| 003 | OSt | ||
| 005 | 20200609111652.0 | ||
| 008 | 190216s9999||||xx |||||||||||||| ||und|| | ||
| 040 | _coclc | ||
| 082 |
_a338 _bDAS/A |
||
| 100 |
_aDas, Pramod K _92660 |
||
| 245 | 0 |
_aAgrarian Relations In Transition / _cPramod K Das |
|
| 260 |
_bRajat Publication. _c2001. _aNew Delhi: |
||
| 300 | _a216p | ||
| 942 |
_cBK _2ddc _h338 _iDAS/A _k338 _mDAS/A |
||